|
|
|
|
| LEADER |
00000nam a2200000 i 4500 |
| 001 |
1/8926 |
| 008 |
000727s1998 gre d |
| 020 |
|
|
|a 960-7610-06-7
|
| 035 |
|
|
|l 10062862
|
| 040 |
|
|
|a GR-MY-UA
|b gre
|e aacr
|
| 041 |
0 |
|
|a gre
|
| 082 |
0 |
|
|a 378
|
| 100 |
1 |
|
|a Περσίδης, Σωτήριος Κ.
|
| 245 |
1 |
3 |
|a Το πανεπιστήμιο του μέλλοντος /
|c Σωτήρης Περσίδης
|
| 260 |
|
|
|a Αθήνα :
|b ΕΣΠΙ,
|c c1998
|
| 300 |
|
|
|a 311 σ.
|
| 650 |
0 |
0 |
|a Universities and colleges
|x History
|y 21st century.
|
| 650 |
0 |
0 |
|a Education, Higher
|y 21st century.
|
| 650 |
0 |
0 |
|a Education, Higher
|x Aims and objectives.
|
| 852 |
|
|
|a INST
|b LESVOS
|e 20000727
|h 378 ΠΕΡ
|p 005100028901
|q 005100028901
|t BK
|y 0
|
| 901 |
|
|
|a BIBL1-2001-2
|
| 909 |
|
|
|a Λ
|b 080751
|
| 922 |
|
|
|a 1ΕΛΗ
|b 200007
|c ΤΑΚ/ΤΕΘ
|d ΠΑΠΑΣΩΤΗΡΙΟΥ
|
| 950 |
|
|
|a 134-2000-07-07
|
| 970 |
|
|
|a ΤΖΑΦΕΡΗ
|b ΕΥΑΓΓΕΛΙΑ
|z 2001/05/22
|